[Event "CRO-chT (Women) 26th"]
[Site "Mali Losinj"]
[Date "2017.10.05"]
[Round "9.23"]
[White "Bogdanic, Katarina"]
[Black "Vujnovic, Patricija"]
[Result "0-1"]
[WhiteElo "1982"]
[BlackElo "2121"]
[PlyCount "90"]
[EventDate "2017.09.28"]
[EventType "team-tourn"]
[EventRounds "9"]
[EventCountry "CRO"]
[SourceTitle "EXT 2018"]
[Source "ChessBase"]
[SourceDate "2017.10.13"]
[SourceVersion "1"]
[SourceVersionDate "2017.10.13"]
[SourceQuality "1"]
[WhiteTeam "Rijeka Draga (W)"]
[BlackTeam "Rijeka Liburnija (W)"]
[WhiteTeamCountry "CRO"]
[BlackTeamCountry "CRO"]

1. c4 e6 2. Nf3 d5 3. g3 Nf6 4. Bg2 d4 5. d3 c5 6. 0-0 Nc6 7. Na3 Bd6 8. Nc2 0-0 9. Bd2 e5 10. Rb1 a5 11. e3 Re8 12. Re1 h6 13. exd4 cxd4 14. a3 Bf5 15. Bf1 a4 16. b4 axb3 17. Rxb3 Nd7 18. Bb4 Bc7 19. Bg2 Rb8 20. Nd2 Na5 21. Qf3 Nxb3 22. Qxf5 Nxd2 23. Bxd2 Re6 24. Nb4 Ba5 25. Bh3 Nf8 26. Rxe5 Rxe5 27. Qxe5 Bc7 28. Qe4 Qe8 29. Qxd4 Be5 30. Qg4 Ng6 31. Bg2 Bb2 32. Nd5 Qe6 33. Qd1 Bxa3 34. Ne3 Bc5 35. Bd5 Qe7 36. Be4 Bxe3 37. Bxe3 Ne5 38. Qc2 Re8 39. Qe2 Nxc4 40. Bh7+ Kxh7 41. dxc4 Qe4 42. Qa2 Rd8 43. Qe2 Rc8 44. f3 Qxc4 45. Qb2 Qd3 0-1

[Event "CRO-ch U15 Girls"]
[Site "Trogir"]
[Date "2017.06.20"]
[Round "7"]
[White "Bevanda, Lorena"]
[Black "Bogdanic, Katarina"]
[Result "0-1"]
[WhiteElo "1347"]
[BlackElo "2007"]
[PlyCount "50"]
[EventDate "2017.06.17"]
[EventType "swiss"]
[EventRounds "9"]
[EventCountry "CRO"]
[SourceTitle "CBM 179 Extra"]
[Source "ChessBase"]
[SourceDate "2017.08.23"]
[SourceVersion "1"]
[SourceVersionDate "2017.08.23"]
[SourceQuality "1"]

1. d4 Nf6 2. Nf3 e6 3. Bf4 b6 4. e3 Bb7 5. Nbd2 c5 6. c3 Nc6 7. Bd3 cxd4 8. exd4 d6 9. 0-0 Be7 10. h3 e5 11. Be3 0-0 12. Qe2 Re8 13. Ba6 Bxa6 14. Qxa6 Qc7 15. dxe5 dxe5 16. Rad1 Rad8 17. Qc4 Qb7 18. Rfe1 Nd5 19. Bg5 Bxg5 20. Nxg5 Nf4 21. Ndf3 Na5 22. Rxd8 Rxd8 23. Qb4 h6 24. Ne4 Nd3 25. Nd6 Qd5 0-1

[Event "CRO-ch U15 Girls"]
[Site "Trogir"]
[Date "2017.06.18"]
[Round "3"]
[White "Randic, Petra"]
[Black "Bogdanic, Katarina"]
[Result "1/2-1/2"]
[WhiteElo "1507"]
[BlackElo "2007"]
[PlyCount "128"]
[EventDate "2017.06.17"]
[EventType "swiss"]
[EventRounds "9"]
[EventCountry "CRO"]
[SourceTitle "CBM 179 Extra"]
[Source "ChessBase"]
[SourceDate "2017.08.23"]
[SourceVersion "1"]
[SourceVersionDate "2017.08.23"]
[SourceQuality "1"]

1. e4 c5 2. Nf3 e6 3. d4 cxd4 4. Nxd4 a6 5. Nc3 b5 6. Be3 Bb7 7. f3 Qc7 8. Qd2 Nf6 9. 0-0-0 Bb4 10. Nde2 d5 11. Qd4 Nc6 12. Qb6 Qc8 13. Bg5 Nd7 14. Qf2 Bc5 15. Be3 Ne7 16. exd5 Nxd5 17. Nxd5 Bxd5 18. Nc3 Bb7 19. Bd3 Bxe3+ 20. Qxe3 Qc5 21. Rhe1 Rc8 22. Qxc5 Nxc5 23. Be4 Bxe4 24. Nxe4 Ke7 25. Rd2 b4 26. Nxc5 Rxc5 27. Re4 a5 28. Rg4 g6 29. Rgd4 Rhc8 30. f4 h5 31. h3 g5 32. Rd7+ Ke8 33. R7d4 gxf4 34. Rxf4 Re5 35. Kd1 Ke7 36. Rfd4 Rc7 37. Rf2 Ke8 38. Kd2 Rec5 39. Kd3 Ke7 40. Rdf4 Rd5+ 41. Rd4 Rg5 42. Rc4 Rd7+ 43. Rd4 Rb7 44. g4 hxg4 45. Rxg4 Rd7+ 46. Ke3 Rh5 47. h4 Rc7 48. Rh2 Rcc5 49. Kd3 Rcd5+ 50. Rd4 Kd6 51. Ke4 f5+ 52. Kd3 e5 53. Rxd5+ Kxd5 54. Ke3 a4 55. Rd2+ Kc5 56. Rh2 Kb5 57. Kf3 b3 58. axb3 axb3 59. c3 Kc4 60. Ke3 e4 61. Rh3 Kd5 62. Kf4 Kc4 63. Ke3 Kc5 64. Kf4 Kd5 1/2-1/2

[Event "CRO-ch U15 Girls"]
[Site "Trogir"]
[Date "2017.06.17"]
[Round "2"]
[White "Bogdanic, Katarina"]
[Black "Jazbec, Dora"]
[Result "1-0"]
[WhiteElo "2007"]
[BlackElo "1388"]
[PlyCount "121"]
[EventDate "2017.06.17"]
[EventType "swiss"]
[EventRounds "9"]
[EventCountry "CRO"]
[SourceTitle "CBM 179 Extra"]
[Source "ChessBase"]
[SourceDate "2017.08.23"]
[SourceVersion "1"]
[SourceVersionDate "2017.08.23"]
[SourceQuality "1"]

1. Nf3 d5 2. c4 e6 3. g3 Nf6 4. Bg2 dxc4 5. Qa4+ Nc6 6. Qxc4 Bd7 7. d4 Be7 8. 0-0 0-0 9. Nc3 a6 10. Qd3 Nb4 11. Qd1 Nbd5 12. Nxd5 exd5 13. Qb3 Rb8 14. Bf4 Nh5 15. Bd2 c6 16. Rfe1 Bf5 17. Rac1 Nf6 18. Ne5 Bd6 19. Bb4 Bxb4 20. Qxb4 Re8 21. f3 Nd7 22. Nxd7 Qxd7 23. Qd2 Bh3 24. Qf4 Qf5 25. Qxf5 Bxf5 26. e4 dxe4 27. fxe4 Bg6 28. d5 cxd5 29. exd5 Bf5 30. Kf2 Rbc8 31. Rxe8+ Rxe8 32. Rc7 Bc8 33. d6 Bg4 34. h3 Be6 35. a3 g6 36. Rxb7 Rd8 37. Rb6 Bc4 38. b3 Bd3 39. Ke3 Bc2 40. Kd2 Bf5 41. g4 Be6 42. Ke3 Kf8 43. g5 Rc8 44. Kd4 Rc2 45. Bf1 a5 46. b4 axb4 47. Rxb4 Rf2 48. Rb1 Rf5 49. Ke3 Rxg5 50. Rd1 Rd5 51. Rxd5 Bxd5 52. Bb5 Be6 53. h4 h6 54. a4 Bd5 55. Kd4 Ba8 56. Ke5 g5 57. hxg5 hxg5 58. Kf6 Bg2 59. d7 Kg8 60. Bd3 Bh3 61. d8Q# 1-0